000 00462nam a22001697a 4500
005 20251108165247.0
008 250721s1986 xx 000 0 ara d
082 1 4 _a613.95/محم
100 1 _aرفعت، محمد
245 1 0 _aشبابنا و مشاكلهم الصحية /
264 1 _aبيروت :
_bدار البحار،
_c1986.
300 _a296ص
650 1 7 _aالصحة
650 1 7 _aالصحة الجنسية
942 _2ddc
_cBK
999 _c23481
_d23481